It's showtime expressions; its real maxin (Record no. 2385)
[ view plain ]
| 000 -LEADER | |
|---|---|
| fixed length control field | 00580nam a22001577a 4500 |
| 008 - FIXED-LENGTH DATA ELEMENTS--GENERAL INFORMATION | |
| fixed length control field | 160507b xxu||||| |||| 00| 0 eng d |
| 082 ## - DEWEY DECIMAL CLASSIFICATION NUMBER | |
| Edition number | 2012 |
| Classification number | UT 0394 |
| Item number | Ac41 |
| 100 ## - MAIN ENTRY--PERSONAL NAME | |
| 9 (RLIN) | 7831 |
| Personal name | Achacoso, Cherrymay M. |
| 245 ## - TITLE STATEMENT | |
| Title | It's showtime expressions; its real maxin |
| Statement of responsibility, etc. | Cherrymay M. Achacoso, Luster Hannah L. Colita and Patricia S. Peredes. |
| 260 ## - PUBLICATION, DISTRIBUTION, ETC. (IMPRINT) | |
| Place of publication, distribution, etc. | Digos City: |
| Name of publisher, distributor, etc. | UMDC |
| Date of publication, distribution, etc. | November 2012 |
| 300 ## - PHYSICAL DESCRIPTION | |
| Extent | 58 pages; |
| Dimensions | 29 cm. |
| 650 #0 - SUBJECT ADDED ENTRY--TOPICAL TERM | |
| 9 (RLIN) | 7830 |
| Topical term or geographic name as entry element | Education |
| Form subdivision | English |
| General subdivision | Undergraduate thesis. |
| 700 ## - ADDED ENTRY--PERSONAL NAME | |
| 9 (RLIN) | 7828 |
| Personal name | Colita, Luster Hannah L. |
| 700 ## - ADDED ENTRY--PERSONAL NAME | |
| 9 (RLIN) | 7829 |
| Personal name | Peredes, Patricia S. |
| 942 ## - ADDED ENTRY ELEMENTS (KOHA) | |
| Source of classification or shelving scheme | Dewey Decimal Classification |
| Koha item type | Undergraduate Thesis |
| Withdrawn status | Lost status | Source of classification or shelving scheme | Damaged status | Not for loan | Collection code | Home library | Current library | Date acquired | Total Checkouts | Full call number | Barcode | Date last seen | Price effective from | Koha item type |
|---|---|---|---|---|---|---|---|---|---|---|---|---|---|---|
| Dewey Decimal Classification | Undergraduate Theses | UM Digos College - LIC | UM Digos College - LIC | 05/07/2016 | UT 0394 Ac41 2012 | UT0394 | 05/07/2016 | 05/07/2016 | Undergraduate Thesis |
